00361nam a2200157Ia 4500008004100000020001800041245002900059245001800088260001500106260001600121260000900137300001400146300002500160300001000185500000800195170705s9999 xx 000 0 und d a9780545389945 aAstonishing animal ABC / cCharles fuge. aNew York : bScholastic, c2011 aunpaged : bcolor illustration ; c22cm. a750